• 首页
  • 本馆介绍
  • 公告通知
  • 最新文献
  • 馆藏检索
  • 电子资源
  • 读者导购
  • 参考咨询
  • 我的图书馆
  • 登录
  • 详细信息显示
  • 放入我的书架
  • 预约/预借图书
  • 作者相关作品
  • 分类相关作品
  • 丛书相关作品
  • 出版社相关作品

书目信息

  • 表格格式
  • 工作单格式
  • 卡片格式
题名:
物流市场营销学
    
 
作者: 董千里 主编
分册:  
出版信息: 北京   电子工业出版社  2019.6
页数: 233页
开本: 26cm
丛书名:
单 册:
中图分类: F252.2
科图分类:
主题词: 物资市场--wu zi shi chang--市场营销学--高等学校--教材
电子资源:
ISBN: 978-7-121-35619-3
000 00949nam0 2200265 450
001 2131729977
005 20211003090438.58
010    @a978-7-121-35619-3@dCNY49.00
100    @a20190921d2019 em y0chiy50 ea
101 0  @achi
102    @aCN@b110000
105    @ay z 000yy
106    @ar
200 1  @a物流市场营销学@Awu liu shi chang ying xiao xue@dLogistics marketing@f董千里主编@zeng
205    @a4版
210    @a北京@c电子工业出版社@d2019.6
215    @a233页@d26cm
300    @a21世纪本科应用型经管规划教材 物流与供应链管理
330    @a本书共分13章,内容包括:物流营销学概论、物流营销的基础理论、物流营销创新及发展、物流营销环境分析、物流市场调查与预测、物流市场需求等。
510 1  @aLogistics marketing@zeng
606 0  @a物资市场@Awu zi shi chang@x市场营销学@x高等学校@j教材
690    @aF252.2@v5
701  0 @a董千里@Adong qian li@f(1954-)@4主编
801  0 @aCN@b百万庄@c20210929
905    @b1303226-29@dF252.2@e326=4@f4
    
    物流市场营销学=Logistics marketing/董千里主编.-4版.-北京:电子工业出版社,2019.6
    233页;26cm
    21世纪本科应用型经管规划教材 物流与供应链管理
    
    ISBN 978-7-121-35619-3:CNY49.00
    本书共分13章,内容包括:物流营销学概论、物流营销的基础理论、物流营销创新及发展、物流营销环境分析、物流市场调查与预测、物流市场需求等。
●
相关链接 在E读中查询图书 在五车中查询图书 在当当中查询图书 在豆瓣中查询图书


正题名:物流市场营销学     索取号:F252.2/326=4         预约/预借

序号 登录号 条形码 馆藏地/架位号 状态 备注
1 1303226   213032261   第一样本阅览室/ [索取号:F252.2/326=4] 在馆    
2 1303227   213032270   第一借阅区/ [索取号:F252.2/326=4] 在馆    
3 1303228   213032289   第一借阅区/ [索取号:F252.2/326=4] 在馆    
4 1303229   213032298   第一借阅区/ [索取号:F252.2/326=4] 在馆    
唐山师范学院图书馆 欢迎您!
大连网信软件有限公司© 版权所有